[Event "Uppsala Young Champions"]
[Site "Uppsala"]
[Date "2014.11.01"]
[Round "7"]
[White "Nilsson, Joakim"]
[Black "Selimian, Hrayr"]
[Result "0-1"]
[WhiteElo "1894"]
[BlackElo "2174"]

1.e4 c6 2.d4 d5 3.Nc3 dxe4 4.Nxe4 Nd7 5.Nf3 Ngf6 6.Bd3 Nxe4 7.Bxe4 Nf6 8.
Bd3 Bf5 9.O-O Bg6 10.c3 e6 11.Bg5 Bd6 12.Re1 Qc7 13.h3 Bf4 14.Bxf4 Qxf4 
15.a4 Nd7 16.Qe2 Bh5 17.Qd2 Qxd2 18.Nxd2 Bg6 19.Bxg6 hxg6 20.Ne4 Ke7 21.
Rad1 Nf6 22.Nxf6 gxf6 23.Kf1 Rad8 24.Re3 Rh5 25.b3 Rg5 26.g3 Rh5 27.h4 g5 
28.hxg5 Rxg5 29.Ke2 Rh8 30.Kd3 Rf5 31.Rd2 Rh1 32.Kc2 Rfh5 33.Rd1 R1h2 34.
Re2 Rf5 35.Rdd2 Rf3 36.c4 Kd6 37.Kb2 Rh1 38.Rc2 Rf1 39.Red2 f5 40.Ka3 Rb1 
41.Rb2 Rg1 42.Rbc2 Kd7 43.Kb2 f4 44.gxf4 Rg2 45.d5 exd5 46.cxd5 c5 47.Re2 
Rxf4 48.Rcd2 Kd6 49.Kc3 Rf3+ 50.Kc2 Rh2 51.Kb2 b6 52.Ka2 a6 53.Rb2 Rh5 54.
a5 bxa5 55.Re8 Rhf5 56.Ra8 Rxf2 57.Rxa6+ Kxd5 58.Rxa5 Kd4 59.Ra4+ Kd3 60.
Rc4 Rxb2+ 61.Kxb2 Rd5 62.Ka3 f5 63.Ka4 Rd4 64.Rxd4+ Kxd4 0-1

[Event "Uppsala Young Champions"]
[Site "Uppsala"]
[Date "2014.11.01"]
[Round "7"]
[White "Bit-Narva, David"]
[Black "Bannout, Edvin"]
[Result "1-0"]
[WhiteElo "1926"]
[BlackElo "1819"]

1.Nf3 Nf6 2.g3 g6 3.Bg2 Bg7 4.O-O O-O 5.d3 c5 6.e4 Nc6 7.Nbd2 e5 8.c3 d6 
9.Rb1 h6 10.b4 cxb4 11.cxb4 a6 12.a3 Ne8 13.Nb3 f5 14.Nh4 Kh7 15.exf5 gxf5
16.Qh5 Ne7 17.f4 Nf6 18.Qe2 Ned5 19.Bb2 Qb6+ 20.d4 e4 21.Bh3 Ne7 22.Nd2 
Qb5 23.Qxb5 axb5 24.Rfc1 Nfd5 25.Bf1 Bd7 26.Ng2 Rfc8 27.Nb3 b6 28.Be2 Kg6 
29.Kf2 h5 30.Nd2 Bf6 31.Nf1 h4 32.gxh4 Rh8 33.h5+ Kh6 34.Nfe3 Rhg8 35.Nxd5
Nxd5 36.Bd1 Rac8 37.Bb3 Be6 38.Bxd5 Bxd5 39.Ne3 Bh4+ 40.Ke2 Bc4+ 41.Kd2 
Be6 42.d5 Bd7 43.Rxc8 Rxc8 44.Rg1 Kxh5 45.Rg7 Rd8 46.Rh7+ Kg6 47.Rxh4 1-0

[Event "Uppsala Young Champions"]
[Site "Uppsala"]
[Date "2014.11.01"]
[Round "7"]
[White "Cardenas, William"]
[Black "Schweighoffer, Martin"]
[Result "0-1"]
[WhiteElo "1837"]
[BlackElo "2015"]

1.d4 Nf6 2.c4 g6 3.Nc3 d5 4.Bg5 Ne4 5.Bf4 Nxc3 6.bxc3 Bg7 7.e3 O-O 8.Nf3 
c5 9.cxd5 cxd4 10.cxd4 Qxd5 11.Be2 Bf5 12.O-O Rc8 13.Qa4 Nd7 14.Rfc1 a6 
15.Nd2 e5 16.Bf3 Qb5 17.Qxb5 axb5 18.Rxc8+ Rxc8 19.dxe5 Nxe5 20.Bxb7 Rc2 
21.Rd1 Rxa2 22.e4 Nd3 23.Bd5 Ra1 24.Rxa1 Bxa1 25.Bh6 Be6 26.Nb3 Bxd5 27.
exd5 Be5 28.Bd2 Kf8 29.Kf1 Ke7 30.Ke2 Nf4+ 31.Kf3 Nxd5 32.Ke4 Kd6 33.Nd4 
f5+ 34.Kd3 Nc7 35.Ba5 Kd5 36.Nf3 Bd6 37.Ng5 h5 38.Nf7 Ne6 39.Nxd6 Kxd6 40.
Ke3 Kd5 41.Bc3 Kc4 42.Be5 Nc5 43.f3 b4 44.g4 b3 45.gxh5 f4+ 46.Kd2 gxh5 
47.Bxf4 Nd3 48.Bh6 Ne1 49.Kc1 Nxf3 50.Bf4 Kc3 51.Kb1 Nd2+ 52.Bxd2+ Kxd2 
53.Kb2 Ke2 54.Kxb3 Kf2 55.h4 Kg3 56.Kc2 Kxh4 57.Kd2 Kg3 58.Ke2 Kg2 0-1

[Event "Uppsala Young Champions"]
[Site "Uppsala"]
[Date "2014.11.01"]
[Round "7"]
[White "Machlik, Endre"]
[Black "Dahl, Trygve"]
[Result "1-0"]
[WhiteElo "1967"]
[BlackElo "1956"]

1.d4 e6 2.c4 f5 3.Nc3 Nf6 4.Nf3 Bb4 5.Qc2 b6 6.e3 Bb7 7.Bd3 Qe7 8.a3 Bxc3+
9.Qxc3 Ne4 10.Qc2 d6 11.b3 O-O 12.Bb2 Nd7 13.O-O g5 14.d5 exd5 15.cxd5 
Ndc5 16.Nd4 Nxd3 17.Qxd3 Bxd5 18.f3 Nc5 19.Nxf5 Qe6 20.Qxd5 Rxf5 21.Qxa8+ 
Rf8 22.Qxa7 Qxe3+ 23.Kh1 Nd3 24.Bc3 Re8 25.Qxc7 Re7 26.Qc4+ Kf8 27.Qd4 Qe2
28.Qxd6 Kf7 29.Qf6+ Ke8 30.Qh8+ Kd7 31.Qd4+ Kc7 32.h3 h5 33.Kh2 Kb7 34.
Rad1 Nf4 35.Rf2 Qe6 36.Qe4+ Qxe4 37.fxe4 Rxe4 38.Rd4 Re3 39.Rdxf4 gxf4 40.
Bd2 Rxb3 41.Bb4 Ka6 42.Rxf4 Kb5 43.Rf5+ Ka4 44.Rxh5 b5 45.Rh8 Re3 46.h4 
Rd3 47.h5 Rd4 48.Kh3 Rf4 49.Rf8 Re4 50.h6 Re3+ 51.g3 Rf3 52.Ra8+ Kb3 53.h7
Rf1 54.h8=Q Rh1+ 55.Kg2 Rc1 56.Qc3+ Rxc3 57.Bxc3 1-0

[Event "Uppsala Young Champions"]
[Site "Uppsala"]
[Date "2014.11.01"]
[Round "7"]
[White "Hallman, Valo"]
[Black "Jappinen, Erland"]
[Result "1-0"]
[WhiteElo "1978"]
[BlackElo "1564"]

1.e4 c5 2.Nc3 d6 3.f4 Nf6 4.Nf3 g6 5.Bb5+ Bd7 6.Bxd7+ Qxd7 7.O-O Bg7 8.d3 
O-O 9.Qe1 Nc6 10.h3 Rad8 11.Qh4 Nd4 12.Nxd4 cxd4 13.Ne2 Rc8 14.c3 dxc3 15.
bxc3 Qb5 16.Rf3 Nxe4 17.Nd4 Qc5 18.dxe4 Bxd4+ 19.Kh1 Bxc3 20.Rb1 Bf6 21.
Qe1 Qc2 22.Rfb3 b6 23.e5 dxe5 24.fxe5 Bg7 25.Ba3 Qxa2 26.R1b2 Qxb3 27.Rxb3
Bh6 28.Rb1 Rfe8 29.e6 f6 30.Bc1 Bg7 31.Ra1 a5 32.Rb1 Rc6 33.Qe4 Rec8 34.
Be3 f5 35.Qd5 Rd6 36.Qb7 Re8 37.Bf4 Rd4 38.Bc7 a4 39.Bxb6 Rd3 40.Qc6 Kf8 
41.Qxa4 Bf6 42.Rd1 1-0

[Event "Uppsala Young Champions"]
[Site "Uppsala"]
[Date "2014.11.02"]
[Round "8"]
[White "Selimian, Hrayr"]
[Black "Jappinen, Erland"]
[Result "1/2-1/2"]
[WhiteElo "2174"]
[BlackElo "1564"]

1.d4 d5 2.c4 e6 3.Nf3 Nf6 4.g3 c6 5.Qc2 Nbd7 6.Bg2 Be7 7.Nbd2 O-O 8.O-O 
Re8 9.Rd1 Nb6 10.b3 Ng4 11.h3 Nf6 12.Bb2 Bb4 13.g4 h6 14.a3 Bxd2 15.Nxd2 
Qc7 16.e4 dxe4 17.Nxe4 Nxe4 18.Qxe4 Bd7 19.Bf1 f5 20.Qe3 Rad8 21.Bd3 Bc8 
22.Qf3 Qf7 23.gxf5 exf5 24.a4 Be6 25.a5 Nc8 26.a6 b6 27.Qxc6 Qh5 28.Qg2 g5
29.d5 Bd7 30.f4 Re3 31.Bf6 Rde8 32.fxg5 hxg5 33.Bxg5 Rxh3 34.Bf6+ Qg4 35.
Qxg4+ fxg4 36.Bd4 Rf8 1/2-1/2

[Event "Uppsala Young Champions"]
[Site "Uppsala"]
[Date "2014.11.02"]
[Round "8"]
[White "Dahl, Trygve"]
[Black "Hallman, Valo"]
[Result "1/2-1/2"]
[WhiteElo "1956"]
[BlackElo "1978"]

1.d4 d6 2.Bg5 h6 3.Bh4 c6 4.e3 Qb6 5.Qc1 g5 6.Bg3 Bf5 7.Nd2 Nf6 8.h3 Bg7 
9.Ngf3 Nbd7 10.Be2 Rc8 11.Nc4 Qc7 12.O-O b5 13.Ncd2 a6 14.c4 Qb7 15.Nb3 
O-O 16.c5 dxc5 17.Nxc5 Nxc5 18.dxc5 Ne4 19.Be5 Bxe5 20.Nxe5 Qc7 21.Nd3 Bg6
22.b3 Rcd8 23.Qb2 Ng3 24.Rfd1 Nxe2+ 25.Qxe2 Rd7 26.Nb4 a5 27.Rxd7 Qxd7 28.
Rd1 Qc7 29.Nc2 Rd8 30.Rd4 e5 31.Rxd8+ Qxd8 32.e4 Qe7 33.Qe3 Qd7 34.Qe2 Qe7
35.Qe3 Qd7 1/2-1/2

[Event "Uppsala Young Champions"]
[Site "Uppsala"]
[Date "2014.11.02"]
[Round "8"]
[White "Schweighoffer, Martin"]
[Black "Machlik, Endre"]
[Result "1-0"]
[WhiteElo "2015"]
[BlackElo "1967"]

1.d4 c6 2.e4 d5 3.Nc3 dxe4 4.Nxe4 Bf5 5.Ng3 Bg6 6.h4 h6 7.h5 Bh7 8.Bd3 
Bxd3 9.Qxd3 Nd7 10.Nf3 Ngf6 11.Bd2 e6 12.O-O-O Qc7 13.Ne4 O-O-O 14.Nxf6 
Nxf6 15.Ne5 c5 16.Bc3 cxd4 17.Bxd4 Bc5 18.Qc4 Rxd4 19.Rxd4 Qxe5 20.Rhd1 
Qc7 21.R4d2 Bd6 22.Rd4 Bc5 23.R4d2 Bd6 24.Rd4 e5 25.Rh4 Qxc4 26.Rxc4+ Bc7 
27.Rd3 Rd8 28.Rxd8+ Kxd8 29.g4 e4 30.Kd2 Bb6 31.Ke2 g5 32.f3 Kd7 33.c3 Ke6
34.a4 a5 35.Rc8 Ke5 36.Rb8 Kf4 37.fxe4 Kxg4 38.Rxb7 Bd8 39.e5 Nd5 40.Rxf7 
Kxh5 41.Kf3 g4+ 42.Ke4 g3 43.Kf3 Ne3 44.Kxe3 g2 45.Kf2 Kg6 46.Rd7 Bg5 47.
Kxg2 Bf4 48.e6 Kf6 49.Rf7+ 1-0

[Event "Uppsala Young Champions"]
[Site "Uppsala"]
[Date "2014.11.02"]
[Round "8"]
[White "Bannout, Edvin"]
[Black "Cardenas, William"]
[Result "0-1"]
[WhiteElo "1819"]
[BlackElo "1837"]

1.e4 e5 2.Nf3 Nc6 3.Bb5 a6 4.Bxc6 dxc6 5.O-O Qf6 6.h3 c5 7.d3 Bd6 8.Nbd2 
Ne7 9.b3 Nc6 10.Bb2 O-O 11.Nh2 Qg6 12.Kh1 f5 13.exf5 Bxf5 14.Nhf3 Qh6 15.
Ng1 Rae8 16.Bc1 Qf6 17.Ne4 Bxe4 18.dxe4 Qh4 19.Qg4 Qxg4 20.hxg4 Nd4 21.c3 
Ne6 22.g3 c4 23.b4 c5 24.a3 Nd4 25.cxd4 exd4 26.bxc5 Bxc5 27.f3 Rxe4 28.
Bb2 Re3 29.Rad1 d3 30.Rfe1 Rfe8 31.Rxe3 Rxe3 32.Bc1 Re6 33.f4 Rd6 34.Nf3 
c3 35.Ne5 d2 36.Nc4 Rd4 37.Nxd2 cxd2 38.Bb2 Rd3 39.Kg2 Bxa3 40.Bxa3 Rxa3 
41.Rxd2 Re3 42.g5 Kf7 43.Rd7+ Re7 44.Rd6 Rc7 45.Kf3 Ke7 46.Rb6 a5 47.Ke4 
a4 48.Kd4 a3 49.Rb3 a2 50.Ra3 Rc2 51.Ra7 Ke6 52.g4 Rg2 53.Ke4 Kd6 54.Kf3 
Rc2 55.f5 Ke5 56.Ra5+ Kd4 57.f6 gxf6 58.gxf6 Rc6 59.Ra4+ Ke5 60.Rxa2 Rxf6+
61.Ke3 Rg6 62.Ra5+ Kd6 63.Kf4 Kc6 64.Kf5 Rd6 65.Ra8 b5 66.Ke5 Rg6 67.Kf5 
Rg7 68.Ra6+ Kc5 69.g5 b4 70.Kf6 Rb7 71.Ra1 b3 72.Ke5 b2 73.Rb1 Kc4 74.Ke4 
Kc3 75.g6 hxg6 0-1

[Event "Uppsala Young Champions"]
[Site "Uppsala"]
[Date "2014.11.02"]
[Round "8"]
[White "Nilsson, Joakim"]
[Black "Bit-Narva, David"]
[Result "0-1"]
[WhiteElo "1894"]
[BlackElo "1926"]

1.e4 c5 2.Nf3 d6 3.Bb5+ Bd7 4.Bxd7+ Qxd7 5.O-O Nf6 6.Qe2 Nc6 7.c3 e6 8.d4 
cxd4 9.cxd4 Be7 10.e5 Nd5 11.Nc3 Nxc3 12.bxc3 dxe5 13.Nxe5 Nxe5 14.Qxe5 
O-O 15.Qg3 Rac8 16.Bf4 b5 17.Rab1 Rc4 18.Rfc1 Qd5 19.Bh6 Bf6 20.Bf4 Rfc8 
21.Qe3 Ra4 22.Qe2 a6 23.Rc2 Qc4 24.Qxc4 Raxc4 25.Rbc1 Bxd4 26.Rd2 Bxc3 27.
Rdd1 h6 28.Bg3 Bb2 29.Rxc4 bxc4 30.Bf4 c3 31.Rf1 Rd8 32.Be5 f6 33.Bc7 Rd7 
34.Bf4 c2 35.Bc1 Bxc1 0-1

[Event "Uppsala Young Champions"]
[Site "Uppsala"]
[Date "2014.11.02"]
[Round "9"]
[White "Bit-Narva, David"]
[Black "Selimian, Hrayr"]
[Result "1/2-1/2"]
[WhiteElo "1926"]
[BlackElo "2174"]

1.d4 Nf6 2.c4 g6 3.Nc3 Bg7 4.e4 d6 5.f4 O-O 6.Nf3 e5 7.dxe5 dxe5 8.Nxe5 
Qxd1+ 9.Kxd1 Na6 10.Be2 Rd8+ 11.Kc2 Nxe4 12.Nxe4 Bf5 13.Bf3 Nc5 14.Re1 
Bxe5 15.fxe5 Rd4 16.Kc3 Rd3+ 17.Kb4 Na6+ 18.Ka5 b6+ 19.Kxa6 Bc8+ 20.Kb5 
Bd7+ 21.Ka6 Bc8+ 22.Kb5 Bd7+ 23.Ka6 Bc8+ 24.Kb5 Bd7+ 1/2-1/2

[Event "Uppsala Young Champions"]
[Site "Uppsala"]
[Date "2014.11.02"]
[Round "9"]
[White "Cardenas, William"]
[Black "Nilsson, Joakim"]
[Result "0-1"]
[WhiteElo "1837"]
[BlackElo "1894"]

1.Nf3 Nf6 2.c4 b6 3.g3 Bb7 4.Bg2 e6 5.O-O Be7 6.d4 O-O 7.d5 exd5 8.Nh4 Re8
9.Nf5 Bf8 10.Nc3 d6 11.cxd5 Nbd7 12.e4 a5 13.Bg5 h6 14.Bf4 Nc5 15.Qc2 b5 
16.Rfe1 b4 17.Na4 Nfd7 18.Nxc5 Nxc5 19.e5 dxe5 20.Be3 Na6 21.Qe4 Qf6 22.
Rac1 Rad8 23.Qg4 Kh8 24.Be4 Bxd5 25.Bg5 Qxg5 26.Qf3 Bxe4 0-1

[Event "Uppsala Young Champions"]
[Site "Uppsala"]
[Date "2014.11.02"]
[Round "9"]
[White "Machlik, Endre"]
[Black "Bannout, Edvin"]
[Result "1-0"]
[WhiteElo "1967"]
[BlackElo "1819"]

1.d4 Nf6 2.c4 c5 3.d5 b5 4.Qc2 bxc4 5.e4 d6 6.Bxc4 g6 7.f4 Bg7 8.Nf3 O-O 
9.O-O Ba6 10.Na3 Nfd7 11.Rb1 Nb6 12.b3 Bb7 13.Bb2 Na6 14.Bxg7 Kxg7 15.Qc3+
Kg8 16.f5 f6 17.fxg6 hxg6 18.Qe3 Kg7 19.Nh4 Nd7 20.Qg3 Ne5 21.Rf5 Qe8 22.
Bb5 Qf7 23.Rxe5 Kh7 24.Rxe7 Qxe7 25.Qxg6+ Kh8 26.Qh6+ Qh7 27.Ng6+ Kg8 28.
Qxh7+ Kxh7 29.Nxf8+ Rxf8 30.Nc4 Rd8 31.Na5 Bc8 32.Nc6 Rd7 33.Rf1 Kg6 34.
Rf3 Rf7 35.Rg3+ Kh7 36.a3 Kh8 37.b4 Nc7 38.Nxa7 Nxb5 39.Nxb5 cxb4 40.Nxd6 
Rc7 41.axb4 Rc1+ 42.Kf2 Bd7 43.b5 Rb1 44.Rg6 Rb2+ 45.Ke3 Rb3+ 46.Kd4 1-0

[Event "Uppsala Young Champions"]
[Site "Uppsala"]
[Date "2014.11.02"]
[Round "9"]
[White "Hallman, Valo"]
[Black "Schweighoffer, Martin"]
[Result "1-0"]
[WhiteElo "1978"]
[BlackElo "2015"]

1.d4 Nf6 2.Nf3 g6 3.c4 Bg7 4.g3 d5 5.Bg2 dxc4 6.Na3 O-O 7.Nxc4 Nc6 8.O-O 
Be6 9.Nce5 Bd5 10.Bf4 Bxf3 11.Nxf3 Nd5 12.e3 Nxf4 13.gxf4 Qd7 14.Qc2 Rab8 
15.a3 e6 16.Rac1 Rfc8 17.Rfd1 Ne7 18.Ne5 Bxe5 19.dxe5 Qb5 20.b4 c6 21.Qc5 
Qxc5 22.Rxc5 Rd8 23.Rcc1 a6 24.Kf1 Nd5 25.Bxd5 exd5 26.a4 Rbc8 27.Rc2 Kf8 
28.b5 axb5 29.axb5 c5 30.Rcd2 c4 31.Rxd5 Rxd5 32.Rxd5 c3 33.Rd1 Ra8 34.Rc1
Ra3 35.Rc2 Rb3 36.Ke2 Rxb5 37.Rxc3 h5 38.Rc7 Rb1 39.Kf3 b5 40.Rb7 b4 41.f5
gxf5 42.Kf4 Rg1 43.h3 Rg2 44.f3 h4 45.Kxf5 Rg3 46.f4 Kg8 47.e4 b3 48.Kf6 
Rxh3 49.Rb8+ Kh7 50.Kxf7 Rf3 51.f5 h3 52.e6 h2 53.e7 h1=Q 54.Rh8+ 1-0

[Event "Uppsala Young Champions"]
[Site "Uppsala"]
[Date "2014.11.02"]
[Round "9"]
[White "Jappinen, Erland"]
[Black "Dahl, Trygve"]
[Result "0-1"]
[WhiteElo "1564"]
[BlackElo "1956"]

1.e4 c5 2.d4 cxd4 3.c3 dxc3 4.Nxc3 e6 5.Nf3 a6 6.Bc4 b5 7.Bb3 Bb7 8.Qe2 d6
9.O-O Nd7 10.Rd1 Be7 11.Bf4 Qb8 12.Rac1 Ngf6 13.Nd5 exd5 14.e5 dxe5 15.
Nxe5 Nxe5 16.Bxe5 Qd8 17.Bxf6 gxf6 18.Re1 Kf8 19.Rcd1 Bb4 20.Qh5 Bxe1 21.
Rxe1 h6 22.Re3 Rc8 23.h3 Rc6 24.Rg3 Re6 25.Qg4 h5 26.Qg7+ Ke7 27.Rf3 Qg8 
0-1